Statystyki dla Drapacze chmur w Polsce

Kliknij tutaj aby rozwiązać quiz!

Ogólne statystyki

  • Ten quiz został rozwiązany 35 razy
  • Średni wynik to 5 z 6

Statystyki odpowiedzi

HintOdpowiedź% Poprawnych
11warszawa
100%
1wroclaw
97%
1gdansk
93%
2katowice
93%
1poznan
86%
1rzeszow
66%

Rozkład punktacji

Percentyl według liczby udzielonych odpowiedzi

Procent ludzi z każdym wynikiem

Twoja historia wyników

Nie rozwiązałeś tego quizu